MARC

LEADER 00000nam0a2200000 4500
001 283226
005 20231101235557.0
020 |a RU  |b 85-9763 
035 |a (RuTPU)RU\TPU\book\307278 
090 |a 283226 
100 |a 20150205d1984 km y0rusy5003 ca 
101 0 |a rus 
102 |a RU 
105 |a a z 001zy 
200 1 |a Мономеры и полимеры с азольными и азиновыми циклами  |f Г. В. Шаталов 
210 |a Воронеж  |c Изд-во Воронеж. ун-та  |d 1984 
215 |a 176 с.  |c ил. 
320 |a Библиогр.: с. 138-174 (451 назв.) 
606 1 |a Полимеры карбоцепные  |x Деструкция окислительная  |2 stltpush  |3 (RuTPU)RU\TPU\subj\50351  |9 69039 
610 1 |a азолы, производные 
610 1 |a азины, производные 
610 1 |a синтез 
610 1 |a мономеры 
610 1 |a получение 
610 1 |a свойства 
610 1 |a сополимеризация 
610 1 |a применение 
675 |a 661.742  |z rus  |v 3 
700 1 |a Шаталов  |b Г. В.  |g Геннадий Валентинович  |4 070 
801 0 |a RU  |b RuMRKP  |c 19950704  |g psbo 
801 1 |a RU  |b 63413507  |c 20150205 
801 2 |a RU  |b 63413507  |c 20170927  |g RCR 
942 |c BK